00505 2200205 4500001002100000005001700021008004100038035002400079082001100103090002100114100000800135245004900143250001100192260002700203300001800230650001800248850001200266985000600278999001500284YOGYA-0209000004744920090227031543.0 ind  0010-020900000047449 a438.24 a438.24bTio PlT aTIO aPelajaran bahasa Djermanbuntuk SMEA dan SMA aCet. 2 aSurabayabSpeedc[s.a] a33 hlmc21 cm aBahasa Jerman aYOPDYOG a1 ab000046251